The penguin dictionary of computer

Bibliographic Details
Main Author: Chandor, Anthony
Other Authors: Graham, John
Format: Book
Published: London : Penguin Books , 1985
Edition:Third edition
Subjects:

MARC

LEADER 00000cam a2200000 7i4500
001 0000000451
002 000000531
005 20000330.0
020 |a 014051127X 
090 0 0 |a 001.6403   |b CHA 
100 0 |a Chandor, Anthony 
245 1 4 |a The penguin dictionary of computer   |c Anthony Chandor, John Graham and Robin Willianson 
250 |a Third edition 
260 |a London :   |b Penguin Books ,   |c 1985 
300 |a 488p. ;   |c 20cm. 
650 0 0 |a Computers   |x Dictionaries 
700 1 |a Graham, John 
999 |a 0007124   |b BUKU   |c RUJUKAN   |e PERPUSTAKAAN KOMUNITI PETALING JAYA